La industrialización latinoamericana en los años setenta

Gespeichert in:
Bibliographische Detailangaben
Körperschaften: CEPAL (VerfasserIn), Comisión Económica para América Latina (VerfasserIn)
Format: Buch
Sprache:Spanisch
Veröffentlicht: Santiago CEPAL-ILPES 1975
Schriftenreihe:Cuadernos de la CEPAL
Schlagworte:
Tags: Tag hinzufügen
Keine Tags, Fügen Sie den ersten Tag hinzu!

MARC

LEADER 00000nam a2200000 a 4500
001 UCR9484
003 CL-VaPUC
008 980613e19750000CL |||||||||||||||||spa|d
082 0 4 |a 338.9  |b CEP  |2 21 
110 2 |a CEPAL  |e author  |9 412079 
710 2 |a Comisión Económica para América Latina  |e author  |9 412080 
245 1 3 |a La industrialización latinoamericana en los años setenta 
300 |a 118 p 
942 |c BK 
945 |d 19980613 00:00:00  |a crobeson 
260 |a Santiago  |b CEPAL-ILPES  |c 1975 
650 0 |a Industrialización  |9 263687 
650 0 |a Desarrollo industrial  |9 322675 
650 7 |a PLANIFICACION INDUSTRIAL  |2 CL-VaPUC  |9 331542 
650 0 |a Política industrial  |9 334157 
650 7 |a ECONOMIA INDUSTRIAL  |2 CL-VaPUC  |9 315314 
650 0 |a Cambio tecnológico  |9 334821 
650 0 |a Crecimiento económico   |9 314037 
651 0 |a América Latina   |9 255027 
583 |a last modification  |c 19980613 00:00:00  |k Rodrigo Vera 
490 0 |a Cuadernos de la CEPAL 
999 |c 270677  |d 270675 
952 |0 0  |1 0  |4 0  |6 338_900000000000000_CEP_1975  |7 0  |8 A  |9 305049  |a BIBENE  |b BIBENE  |d 2019-11-20  |i 1413902  |o 338.9 CEP 1975  |p 1413902  |r 2025-01-15  |w 2019-11-20  |y BK  |k ICO